[Event "23rd European Teams"]
[Site "Terme Catez SLO"]
[Date "2021.11.13"]
[Round "2.4"]
[Board "3"]
[White "Smirin, Ilia"]
[Black "Piorun, Kacper"]
[Result "1/2-1/2"]
[WhiteTitle "GM"]
[BlackTitle "GM"]
[WhiteElo "2616"]
[BlackElo "2634"]
[WhiteTeam "Israel"]
[BlackTeam "Poland"]
[WhiteFideId "2801990"]
[BlackFideId "1130420"]
[EventDate "2021.11.12"]

1. e4 e5 2. Nf3 Nc6 3. Bb5 Nf6 4. d3 Bc5 5. c3 d5 6. exd5 Qxd5 7. Bc4 Qd6 8. b4
Bb6 9. Nbd2 O-O 10. O-O Bf5 11. Qc2 Rad8 12. a4 a5 13. b5 Ne7 14. Qb3 Ng6 15. d4
exd4 16. Ba3 Bc5 17. Bxc5 Qxc5 18. cxd4 Qd6 19. Rfe1 Nf4 20. Rac1 h6 21. Ne5
N4d5 22. Qf3 Be6 23. Nb3 b6 24. h3 Rde8 25. Nd2 Nb4 26. Ne4 Nxe4 27. Rxe4 Bxc4
28. Rxc4 Re7 29. Re3 Qd5 30. Qe2 Rfe8 31. Ng4 1/2-1/2

[Event "23rd European Teams"]
[Site "Terme Catez SLO"]
[Date "2021.11.13"]
[Round "2.4"]
[Board "4"]
[White "Moranda, Wojciech"]
[Black "Boruchovsky, Avital"]
[Result "0-1"]
[WhiteTitle "GM"]
[BlackTitle "GM"]
[WhiteElo "2623"]
[BlackElo "2542"]
[WhiteTeam "Poland"]
[BlackTeam "Israel"]
[WhiteFideId "1122401"]
[BlackFideId "2800055"]
[EventDate "2021.11.12"]

1. d4 Nf6 2. c4 e6 3. Nf3 d5 4. Nc3 c5 5. Bg5 cxd4 6. Nxd4 Be7 7. cxd5 Nxd5 8.
Bxe7 Qxe7 9. Nxd5 exd5 10. Rc1 O-O 11. e3 Nc6 12. Be2 Qf6 13. Nxc6 bxc6 14. b3
a5 15. O-O Bd7 16. Qd2 a4 17. Rc3 axb3 18. axb3 Ra3 19. Rfc1 Rfa8 20. Bf1 h5 21.
e4 Ra2 22. R3c2 Rxc2 23. Qxc2 d4 24. Rd1 Be6 25. f3 Qg5 26. Rxd4 Qe3+ 27. Qf2
Qxb3 28. Rd3 Qb1 29. Rc3 Ra2 30. Qe3 Ra1 31. Qe2 Qb6+ 32. Qf2 Qb5 33. Re3 Qa5
34. Qc2 Qa7 35. Qc3 Bc4 0-1

[Event "23rd European Teams"]
[Site "Terme Catez SLO"]
[Date "2021.11.13"]
[Round "2.5"]
[Board "1"]
[White "Korobov, Anton"]
[Black "Deac, Bogdan-Daniel"]
[Result "1/2-1/2"]
[WhiteTitle "GM"]
[BlackTitle "GM"]
[WhiteElo "2684"]
[BlackElo "2651"]
[WhiteTeam "Ukraine"]
[BlackTeam "Romania"]
[WhiteFideId "14105730"]
[BlackFideId "1226380"]
[EventDate "2021.11.12"]

1. c4 Nf6 2. Nc3 e5 3. Nf3 Nc6 4. d3 d5 5. cxd5 Nxd5 6. e4 Nf6 7. h3 Bc5 8. Be3
Bb6 9. Be2 O-O 10. O-O Qe7 11. Na4 Rd8 12. Nxb6 axb6 13. Qc1 Ne8 14. Qc3 b5 15.
a3 Nd6 16. Rac1 f6 17. Nd2 Be6 18. Qc5 Ra5 19. Qc2 Raa8 20. Nb3 Bf7 21. Rfd1 b4
22. d4 bxa3 23. bxa3 Rxa3 24. dxe5 fxe5 25. Nd2 Ra2 26. Qb1 Raa8 27. Rc5 h6 28.
Rdc1 Ra5 29. Nf3 Rda8 30. Rxa5 Rxa5 31. Bc5 Qd7 32. Bxd6 cxd6 33. Qb6 Ra8 34.
Rb1 Bg6 35. Bc4+ Kh7 36. Bd5 Qd8 37. Qxd8 Nxd8 38. Nh4 Ra5 39. Nxg6 Kxg6 40.
Bxb7 Nxb7 41. Rxb7 1/2-1/2

[Event "23rd European Teams"]
[Site "Terme Catez SLO"]
[Date "2021.11.13"]
[Round "2.5"]
[Board "2"]
[White "Lupulescu, Constantin"]
[Black "Kuzubov, Yuriy"]
[Result "1/2-1/2"]
[WhiteTitle "GM"]
[BlackTitle "GM"]
[WhiteElo "2624"]
[BlackElo "2637"]
[WhiteTeam "Romania"]
[BlackTeam "Ukraine"]
[WhiteFideId "1207822"]
[BlackFideId "14112906"]
[EventDate "2021.11.12"]

1. e4 e5 2. Nf3 Nf6 3. d4 Nxe4 4. dxe5 d5 5. Nbd2 Qd7 6. Nxe4 dxe4 7. Nd4 Nc6 8.
Bb5 Bc5 9. Be3 Bxd4 10. Qxd4 Nxd4 11. Bxd7+ Bxd7 12. Bxd4 O-O-O 13. O-O-O Rhe8
14. Bc3 Bc6 15. Rxd8+ Rxd8 16. Rd1 Rxd1+ 17. Kxd1 g6 18. Ke2 Kd7 19. Ke3 h5 20.
h4 Ke6 21. g3 Bd5 22. b3 b6 23. Bb2 Bb7 24. c4 c5 25. Kf4 Bc6 26. Bc3 Bb7 27.
Ba1 Bc6 28. Bb2 Bb7 29. Bc3 Bc6 30. Bb2 Bb7 1/2-1/2

[Event "23rd European Teams"]
[Site "Terme Catez SLO"]
[Date "2021.11.13"]
[Round "2.5"]
[Board "3"]
[White "Shevchenko, Kirill"]
[Black "Parligras, Mircea-Emilian"]
[Result "1/2-1/2"]
[WhiteTitle "GM"]
[BlackTitle "GM"]
[WhiteElo "2647"]
[BlackElo "2576"]
[WhiteTeam "Ukraine"]
[BlackTeam "Romania"]
[WhiteFideId "14129574"]
[BlackFideId "1204297"]
[EventDate "2021.11.12"]

1. e4 e5 2. Nf3 Nc6 3. Bb5 Nf6 4. O-O Nxe4 5. Re1 Nd6 6. Nxe5 Nxe5 7. Rxe5+ Be7
8. Bf1 O-O 9. d4 Ne8 10. d5 Bc5 11. Re1 d6 12. Nc3 Bf5 13. Bd3 Qf6 14. Ne4 Bxe4
15. Rxe4 Qxf2+ 16. Kh1 Qf6 17. c3 g6 18. a4 a6 19. Bh6 Ng7 20. Qe2 Qd8 21. Rf1
Re8 22. Qf3 Qd7 23. Rh4 Re5 24. b4 Ba7 25. Bf4 Rh5 26. Rxh5 Nxh5 27. Bh6 Qe7 28.
g4 Ng7 29. Bg5 Qd7 30. Bh6 Qe7 31. Bg5 Qd7 32. Qf6 Ne8 33. Qf4 Ng7 34. Bf6 Ne8
35. Bf5 Qxa4 36. Be7 gxf5 37. Qxf5 f6 38. Qe6+ Kh8 39. Qf7 h6 40. g5 Qc2 41.
Rxf6 Qe4+ 42. Rf3 hxg5 43. Qh5+ Kg8 1/2-1/2

[Event "23rd European Teams"]
[Site "Terme Catez SLO"]
[Date "2021.11.13"]
[Round "2.5"]
[Board "4"]
[White "Jianu, Vlad-Cristian"]
[Black "Onyshchuk, Volodymyr"]
[Result "1/2-1/2"]
[WhiteTitle "GM"]
[BlackTitle "GM"]
[WhiteElo "2522"]
[BlackElo "2622"]
[WhiteTeam "Romania"]
[BlackTeam "Ukraine"]
[WhiteFideId "1208110"]
[BlackFideId "14114038"]
[EventDate "2021.11.12"]

1. d4 Nf6 2. Nf3 g6 3. g3 Bg7 4. Bg2 O-O 5. O-O d6 6. c4 Nc6 7. Nc3 e5 8. dxe5
dxe5 9. Bg5 h6 10. Qxd8 Rxd8 11. Bxf6 Bxf6 12. Nd5 Kg7 13. Nxc7 Rb8 14. e4 Be6
15. Rac1 Be7 16. a3 a5 17. Nd5 Bc5 18. b4 axb4 19. axb4 Bxb4 20. Nxb4 Nxb4 21.
Nxe5 f6 22. Rb1 Na6 23. Rb6 Nc5 24. Nf3 Bxc4 25. Rc1 Na4 26. Rb4 b5 27. Bf1 Nb6
28. Rcb1 g5 29. Bxc4 Nxc4 30. Rxb5 Rxb5 31. Rxb5 Re8 32. e5 Nxe5 33. Nxe5 Rxe5
34. Rb7+ 1/2-1/2

[Event "23rd European Teams"]
[Site "Terme Catez SLO"]
[Date "2021.11.13"]
[Round "2.6"]
[Board "1"]
[White "Yilmaz, Mustafa"]
[Black "Shirov, Alexei"]
[Result "1/2-1/2"]
[WhiteTitle "GM"]
[BlackTitle "GM"]
[WhiteElo "2626"]
[BlackElo "2673"]
[WhiteTeam "Turkey"]
[BlackTeam "Spain"]
[WhiteFideId "6302718"]
[BlackFideId "2209390"]
[EventDate "2021.11.12"]

1. d4 d5 2. c4 c6 3. cxd5 cxd5 4. Bf4 Nc6 5. e3 Nf6 6. Bd3 Bg4 7. f3 Bh5 8. Qb3
Qd7 9. Nc3 Bg6 10. Bb5 a6 11. Bxc6 Qxc6 12. Nge2 Bd3 13. Rc1 Bc4 14. Qd1 e6 15.
Ng3 Qb6 16. b3 Bb5 17. Nxb5 Qxb5 18. Qe2 Ba3 19. Qxb5+ axb5 20. Rc7 Bb4+ 21. Kf2
Rxa2+ 22. Ne2 O-O 23. Rxb7 Rb2 24. Rxb5 Rxb3 25. Bd6 Be1+ 26. Rxe1 Rxb5 27. Bxf8
Kxf8 28. Nf4 Rb2+ 29. Re2 Rxe2+ 30. Kxe2 Ke7 1/2-1/2

[Event "23rd European Teams"]
[Site "Terme Catez SLO"]
[Date "2021.11.13"]
[Round "2.6"]
[Board "2"]
[White "Anton Guijarro, David"]
[Black "Dastan, Muhammed Batuhan"]
[Result "1-0"]
[WhiteTitle "GM"]
[BlackTitle "GM"]
[WhiteElo "2669"]
[BlackElo "2572"]
[WhiteTeam "Spain"]
[BlackTeam "Turkey"]
[WhiteFideId "2285525"]
[BlackFideId "6300014"]
[EventDate "2021.11.12"]

1. e4 c5 2. Nf3 d6 3. d4 cxd4 4. Qxd4 Nc6 5. Bb5 Bd7 6. Qd3 Nf6 7. c4 g6 8. Nc3
Bg7 9. O-O O-O 10. h3 Rc8 11. Be3 a6 12. Bxc6 Bxc6 13. Nd4 Nd7 14. Rac1 Ne5 15.
Qe2 Bd7 16. b3 Nc6 17. Qd2 Nxd4 18. Bxd4 Bxd4 19. Qxd4 Bc6 20. f4 Qa5 21. f5 Qc5
22. Qxc5 dxc5 23. Nd5 Rfe8 24. g4 f6 25. Rce1 Bxd5 26. exd5 Rcd8 27. Re6 Kg7 28.
Rb6 Rd7 29. Kg2 Rf8 30. h4 gxf5 31. Rxf5 h6 32. Kg3 Kg6 33. Rf2 Kf7 34. Kf4 Kg6
35. Rg2 Rg8 36. a4 Rg7 37. a5 Rg8 38. Rg3 Rg7 39. Rg2 Rg8 40. Re2 Rh8 41. Rbe6
Rh7 42. R2e3 Rg7 43. g5 hxg5+ 44. hxg5 Kf7 45. gxf6 exf6 46. d6 Rg1 47. Re7+
Rxe7 48. Rxe7+ Kg6 49. Rxb7 Rd1 50. Rb6 Rd4+ 51. Kf3 Kf5 52. Rxa6 Rd3+ 53. Ke2
Ke4 54. d7 Rxd7 55. Rxf6 Kd4 56. a6 Rh7 57. Rb6 Ke4 58. Kd2 Rh2+ 59. Kc3 Rh3+
60. Kb2 Rh2+ 61. Ka3 Kd4 62. Rg6 Rh1 63. Ka4 Rb1 64. Rg3 1-0

[Event "23rd European Teams"]
[Site "Terme Catez SLO"]
[Date "2021.11.13"]
[Round "2.6"]
[Board "3"]
[White "Can, Emre"]
[Black "Santos Latasa, Jaime"]
[Result "1/2-1/2"]
[WhiteTitle "GM"]
[BlackTitle "GM"]
[WhiteElo "2570"]
[BlackElo "2633"]
[WhiteTeam "Turkey"]
[BlackTeam "Spain"]
[WhiteFideId "6302181"]
[BlackFideId "2293307"]
[EventDate "2021.11.12"]

1. d4 d5 2. c4 e6 3. Nf3 Nf6 4. g3 Be7 5. Bg2 O-O 6. O-O c6 7. Nbd2 b6 8. Qc2 c5
9. dxc5 bxc5 10. cxd5 exd5 11. b3 Nc6 12. Bb2 Re8 13. a3 a5 14. Rfe1 Bf8 15.
Rad1 Bg4 16. Nc4 Rc8 17. Ne3 Nd4 18. Qd3 Rxe3 19. Qxe3 Nc2 20. Qf4 Bxf3 21. Bxf3
Nxe1 22. Rxe1 c4 23. bxc4 dxc4 24. Rc1 c3 25. Rxc3 Rxc3 26. Bxc3 Qd1+ 27. Kg2
Nd5 28. Qd2 Nxc3 29. Qxc3 Qa4 30. Bd5 Qxa3 31. Qc7 Qe7 32. Qxa5 Qxe2 33. Qc7 1/2-1/2

[Event "23rd European Teams"]
[Site "Terme Catez SLO"]
[Date "2021.11.13"]
[Round "2.6"]
[Board "4"]
[White "Santos Ruiz, Miguel"]
[Black "Sanal, Vahap"]
[Result "1/2-1/2"]
[WhiteTitle "GM"]
[BlackTitle "GM"]
[WhiteElo "2603"]
[BlackElo "2590"]
[WhiteTeam "Spain"]
[BlackTeam "Turkey"]
[WhiteFideId "22291482"]
[BlackFideId "6300545"]
[EventDate "2021.11.12"]

1. e4 e5 2. Nf3 Nc6 3. d4 exd4 4. Nxd4 Bc5 5. Nb3 Bb6 6. Nc3 Nf6 7. Qe2 O-O 8.
Bg5 h6 9. Bh4 a5 10. a4 Nd4 11. Qd3 Nxb3 12. cxb3 c6 13. O-O-O d5 14. exd5 cxd5
15. Qc2 Be6 16. Nxd5 Bxd5 17. Bxf6 Qxf6 18. Rxd5 Qxf2 19. Bc4 Be3+ 20. Kb1 Qxc2+
21. Kxc2 b6 22. b4 axb4 23. Kb3 Bc5 24. Rd7 Rae8 25. Rhd1 Re3+ 26. R1d3 Rxd3+
27. Bxd3 g6 28. Kc4 Ra8 29. b3 Kg7 30. Kb5 Bg1 31. h3 Re8 32. Bc4 Re5+ 33. Kxb4
Rf5 34. Bd5 Kf8 35. Kc4 Ke8 36. Rb7 g5 37. b4 Rf4+ 38. Kb5 Rf5 39. Kc6 Bf2 40.
a5 bxa5 41. bxa5 Rf6+ 42. Kb5 Rf5 43. Kc4 Rf4+ 44. Kb3 Rf6 45. Bc4 Kd8 46. Kc2
Rc6 47. Kd3 f5 48. a6 Rc7 49. Rb8+ Rc8 50. Rb5 f4 51. Rf5 Kc7 52. Rf6 Rd8+ 53.
Ke2 Be3 54. Bd3 Rd6 55. Rf7+ Rd7 56. Rf5 Rd6 57. Ra5 Kb8 58. Be4 Ka7 59. Bb7 Rg6
60. Rf5 Rg7 61. Rf8 h5 62. Rh8 h4 63. Kf3 Re7 64. Kg4 Re5 65. Ra8+ Kb6 66. Bf3
Ra5 67. Be2 Ra2 68. Rb8+ Kc7 69. Rb7+ Kd6 70. Bf3 Ra5 71. Rg7 Bf2 72. Rxg5 Rxg5+
73. Kxg5 Kc7 74. g4 fxg3 75. Bg2 Kb6 76. Kxh4 Kxa6 77. Kg4 1/2-1/2

[Event "23rd European Teams"]
[Site "Terme Catez SLO"]
[Date "2021.11.13"]
[Round "2.7"]
[Board "1"]
[White "Nisipeanu, Liviu-Dieter"]
[Black "Andersen, Mads"]
[Result "1-0"]
[WhiteTitle "GM"]
[BlackTitle "GM"]
[WhiteElo "2651"]
[BlackElo "2575"]
[WhiteTeam "Germany"]
[BlackTeam "Denmark"]
[WhiteFideId "1202758"]
[BlackFideId "1413864"]
[EventDate "2021.11.12"]

1. d4 d5 2. c4 dxc4 3. Nf3 Nf6 4. e3 e6 5. Bxc4 c5 6. O-O a6 7. Re1 Nc6 8. Nc3
b5 9. Bd3 cxd4 10. exd4 Nb4 11. Bb1 Bb7 12. Ne5 Be7 13. a3 Nbd5 14. Qd3 O-O 15.
Qh3 Qd6 16. Nxd5 Bxd5 17. Bg5 Rfc8 18. Bxf6 Bxf6 19. Bxh7+ Kf8 20. Bd3 Bb7 21.
Rad1 Ke7 22. Qh5 Rf8 23. Rc1 Rad8 24. Be4 Bxe4 25. Rxe4 g6 26. Qf3 Rc8 27. Rce1
Bxe5 28. dxe5 Qd5 29. h3 f5 30. exf6+ Rxf6 31. Qe2 Rd8 32. Qe3 Rd7 33. Re5 Qc4
34. Qh6 Kd6 35. Qh8 Rf5 36. R5e4 Qb3 37. Qd4+ Kc7 38. Qa7+ 1-0

[Event "23rd European Teams"]
[Site "Terme Catez SLO"]
[Date "2021.11.13"]
[Round "2.7"]
[Board "2"]
[White "Thybo, Jesper Sondergaard"]
[Black "Donchenko, Alexander"]
[Result "1/2-1/2"]
[WhiteTitle "GM"]
[BlackTitle "GM"]
[WhiteElo "2604"]
[BlackElo "2645"]
[WhiteTeam "Denmark"]
[BlackTeam "Germany"]
[WhiteFideId "1438832"]
[BlackFideId "24603295"]
[EventDate "2021.11.12"]

1. d4 Nf6 2. c4 c6 3. Nc3 d5 4. cxd5 cxd5 5. Bf4 Nc6 6. Nf3 Bf5 7. e3 e6 8. Qb3
Bb4 9. Ne5 Bxc3+ 10. bxc3 Nxe5 11. Bxe5 O-O 12. Be2 Rc8 13. O-O Ne4 14. Rfc1 Qa5
15. Qb4 Qxb4 16. cxb4 Rc3 17. f3 Rfc8 18. Rxc3 Nxc3 19. Bf1 Bc2 20. Kf2 f6 21.
Bg3 Nd1+ 22. Ke2 Nb2 23. Kd2 Bg6 24. Rc1 Rxc1 25. Kxc1 Bd3 26. Kxb2 Bxf1 27. Bb8
Bxg2 28. f4 a6 29. a4 Kf7 30. Kc3 Kg6 31. Kd2 Kf5 32. Ke2 h5 33. Kf2 Be4 34. a5
h4 35. Bd6 g5 36. fxg5 fxg5 37. Be7 Kg4 38. Bd8 Kh5 39. Be7 Bf5 40. Bd8 g4 41.
Be7 g3+ 42. hxg3 h3 43. Kg1 Bg4 44. Kh2 Kg6 45. Bf8 Kf5 46. Bg7 Ke4 47. Bh6 Kd3
48. Bg5 Kc3 49. Be7 Kc4 50. Bf8 Kd3 51. Bh6 Ke4 52. Bg5 Kd3 1/2-1/2

[Event "23rd European Teams"]
[Site "Terme Catez SLO"]
[Date "2021.11.13"]
[Round "2.7"]
[Board "3"]
[White "Keymer, Vincent"]
[Black "Bjerre, Jonas Buhl"]
[Result "0-1"]
[WhiteTitle "GM"]
[BlackTitle "GM"]
[WhiteElo "2639"]
[BlackElo "2569"]
[WhiteTeam "Germany"]
[BlackTeam "Denmark"]
[WhiteFideId "12940690"]
[BlackFideId "1444948"]
[EventDate "2021.11.12"]

1. d4 Nf6 2. c4 e6 3. Nf3 d5 4. Nc3 Bb4 5. e3 O-O 6. Bd2 b6 7. cxd5 exd5 8. Rc1
Re8 9. Bd3 Bb7 10. O-O Bf8 11. Ne5 c5 12. f4 Nc6 13. Ne2 Rc8 14. Be1 Ne4 15.
Bxe4 dxe4 16. Nxf7 Kxf7 17. Qb3+ c4 18. Qxc4+ Kg6 19. f5+ Kh6 20. Bg3 Ne5 21.
Qg8 Be7 22. Rxc8 Bxc8 23. Bf4+ Bg5 24. Bxg5+ Qxg5 25. Qxe8 Qxe3+ 26. Kh1 Qxe2
27. Rc1 Nd3 28. Rc6+ Kg5 29. Qe7+ Kf4 30. h3 Qe1+ 31. Kh2 Qg3+ 32. Kh1 Nf2+ 33.
Kg1 Nxh3+ 34. Kh1 Qe1+ 0-1

[Event "23rd European Teams"]
[Site "Terme Catez SLO"]
[Date "2021.11.13"]
[Round "2.7"]
[Board "4"]
[White "Rasmussen, Allan Stig"]
[Black "Svane, Rasmus"]
[Result "0-1"]
[WhiteTitle "GM"]
[BlackTitle "GM"]
[WhiteElo "2577"]
[BlackElo "2628"]
[WhiteTeam "Denmark"]
[BlackTeam "Germany"]
[WhiteFideId "1406000"]
[BlackFideId "4657101"]
[EventDate "2021.11.12"]

1. e4 e5 2. Nf3 Nc6 3. Bb5 a6 4. Ba4 Nf6 5. O-O Be7 6. d3 b5 7. Bb3 d6 8. c3 O-O
9. a4 Bd7 10. Bc2 b4 11. Re1 Rb8 12. Bg5 h6 13. Bh4 Nh5 14. Bxe7 Qxe7 15. Nbd2
Qf6 16. Nf1 Bg4 17. Re3 bxc3 18. bxc3 Nf4 19. h3 Bd7 20. d4 Rb2 21. a5 Rfb8 22.
Ng3 h5 23. d5 Ne7 24. Ne1 Qg5 25. Kh2 h4 26. Ne2 Neg6 27. Ng1 Qf6 28. Rf3 Qd8
29. g3 Nh5 30. Nd3 R2b7 31. Nb4 hxg3+ 32. fxg3 Bb5 33. Bd3 Nf6 34. Ra2 Ne7 35.
Ne2 c5 36. dxc6 Nxc6 37. Nd5 Nxd5 38. exd5 Nxa5 39. Be4 Bc4 40. Rd2 Nb3 0-1

[Event "23rd European Teams"]
[Site "Terme Catez SLO"]
[Date "2021.11.13"]
[Round "2.8"]
[Board "1"]
[White "Lenic, Luka"]
[Black "Erdos, Viktor"]
[Result "1/2-1/2"]
[WhiteTitle "GM"]
[BlackTitle "GM"]
[WhiteElo "2633"]
[BlackElo "2615"]
[WhiteTeam "Slovenia 1"]
[BlackTeam "Hungary"]
[WhiteFideId "14603853"]
[BlackFideId "719978"]
[EventDate "2021.11.12"]

1. d4 Nf6 2. c4 g6 3. Nc3 d5 4. cxd5 Nxd5 5. e4 Nxc3 6. bxc3 Bg7 7. Nf3 c5 8.
Bb5+ Nc6 9. O-O O-O 10. Bxc6 bxc6 11. Qc2 Qa5 12. Bg5 Re8 13. Rab1 Bg4 14. Ne5
cxd4 15. cxd4 Bxe5 16. dxe5 Qxe5 17. Be3 Qa5 18. a4 Be6 19. h3 Qa6 20. Rb4 Rab8
21. Rfb1 Rxb4 22. Rxb4 f6 23. Qc5 Kf7 24. Qxa7 Qxa7 25. Bxa7 Rd8 26. Bd4 c5 27.
Bxc5 Rd1+ 28. Kh2 Rc1 29. Be3 Rc4 30. Rb7 Rxa4 31. Bc5 Rxe4 32. Rxe7+ Kg8 33. f3
Re2 34. Bd4 Bc4 35. Rc7 Bd5 36. Kg3 Re6 37. h4 h5 38. Kf2 Rd6 39. Bc3 Rc6 40.
Rxc6 1/2-1/2

[Event "23rd European Teams"]
[Site "Terme Catez SLO"]
[Date "2021.11.13"]
[Round "2.8"]
[Board "2"]
[White "Berkes, Ferenc"]
[Black "Skoberne, Jure"]
[Result "1-0"]
[WhiteTitle "GM"]
[BlackTitle "GM"]
[WhiteElo "2676"]
[BlackElo "2562"]
[WhiteTeam "Hungary"]
[BlackTeam "Slovenia 1"]
[WhiteFideId "718572"]
[BlackFideId "14604299"]
[EventDate "2021.11.12"]

1. d4 d5 2. Nf3 Nf6 3. c4 c6 4. Nbd2 g6 5. e3 Bg7 6. b4 O-O 7. a4 a5 8. b5 Nbd7
9. Bb2 c5 10. Rc1 Re8 11. cxd5 cxd4 12. e4 e6 13. dxe6 Rxe6 14. Qc2 Nb6 15. Nxd4
Re8 16. Be2 Nh5 17. N2f3 Nf4 18. O-O Bg4 19. Rfd1 Rc8 20. Nc6 Qc7 21. Bxg7 Kxg7
22. Qb2+ Kg8 23. Ncd4 Nxa4 24. Qd2 Nxe2+ 25. Nxe2 Qb6 26. Nf4 Rxc1 27. Rxc1 Rxe4
28. Ng5 Rd4 29. Qe3 Qd8 30. h4 Nb2 31. f3 Nc4 32. Qe2 Rxf4 33. Rxc4 Qb6+ 34. Kh1
Qf6 35. Rxf4 Qxf4 36. fxg4 a4 37. g3 Qf6 38. Qf3 Qxf3+ 39. Nxf3 a3 40. Nd2 a2
41. Nb3 Kg7 42. Kg2 Kf6 43. Kf3 Ke5 44. Ke3 h5 45. gxh5 gxh5 46. Na1 Kd5 47. Kf4
Kd4 48. g4 hxg4 49. h5 g3 50. Kxg3 Ke5 51. Kg4 Kf6 52. b6 Kg7 53. Kg5 f6+ 54.
Kf5 Kh6 55. Kxf6 Kxh5 56. Ke5 Kg4 57. Kd6 Kf3 58. Kc7 Ke2 59. Kxb7 Kd2 60. Kc6
Kc3 61. b7 Kb2 62. b8=Q+ Kxa1 63. Kb5 1-0

[Event "23rd European Teams"]
[Site "Terme Catez SLO"]
[Date "2021.11.13"]
[Round "2.8"]
[Board "3"]
[White "Sebenik, Matej"]
[Black "Banusz, Tamas"]
[Result "1/2-1/2"]
[WhiteTitle "GM"]
[BlackTitle "GM"]
[WhiteElo "2509"]
[BlackElo "2607"]
[WhiteTeam "Slovenia 1"]
[BlackTeam "Hungary"]
[WhiteFideId "14602296"]
[BlackFideId "722413"]
[EventDate "2021.11.12"]

1. c4 e6 2. Nf3 d5 3. d4 Nf6 4. Nc3 a6 5. cxd5 exd5 6. Bg5 Be6 7. Bxf6 Qxf6 8.
Qb3 Ra7 9. g3 Bd6 10. Bg2 O-O 11. O-O Qd8 12. Rad1 Nd7 13. Qc2 Re8 14. Ne5 c6
15. Nxd7 Bxd7 16. e4 dxe4 17. Bxe4 g6 18. Qb3 Bg4 19. Rde1 Bf8 20. d5 c5 21. a4
b6 22. Bg2 Rxe1 23. Rxe1 Re7 24. Rxe7 Bxe7 25. Bf1 Bc8 26. Ne4 Bf5 27. Nd2 Bc8
28. Ne4 Bf5 29. Nd2 Bc8 30. Ne4 Bf5 1/2-1/2

[Event "23rd European Teams"]
[Site "Terme Catez SLO"]
[Date "2021.11.13"]
[Round "2.8"]
[Board "4"]
[White "Gledura, Benjamin"]
[Black "Janzelj, Tim"]
[Result "1-0"]
[WhiteTitle "GM"]
[BlackTitle "IM"]
[WhiteElo "2635"]
[BlackElo "2474"]
[WhiteTeam "Hungary"]
[BlackTeam "Slovenia 1"]
[WhiteFideId "712779"]
[BlackFideId "14607913"]
[EventDate "2021.11.12"]

1. d4 d5 2. c4 e6 3. Nc3 Nf6 4. cxd5 Nxd5 5. e4 Nxc3 6. bxc3 c5 7. Rb1 Be7 8.
Nf3 O-O 9. Bc4 Nc6 10. O-O b6 11. Bb2 Bb7 12. Qe2 Qc7 13. Rfe1 Na5 14. Bd3 Rac8
15. h4 h6 16. h5 Qf4 17. Ne5 Bd6 18. g3 Qg5 19. Bc1 Qe7 20. Ng4 f6 21. Ne3 cxd4
22. cxd4 Nc6 23. Nc2 f5 24. exf5 exf5 25. Qxe7 Nxe7 26. Bf4 Bxf4 27. Rxe7 Be4
28. Bxe4 fxe4 29. Ne1 Bd2 30. Rxe4 Rc4 31. Kg2 Bxe1 32. Rbxe1 Rd8 33. Re7 Rcxd4
34. Rxa7 R4d7 35. Ra6 Rb8 36. Re2 Rd5 37. g4 Ra5 38. Rxa5 bxa5 39. Kf3 Rb4 40.
Re4 Rb2 41. a4 Ra2 42. Rf4 g5 43. hxg6 Kg7 44. Re4 Kxg6 45. Kg3 Ra3+ 46. f3 Kf6
47. Rf4+ Kg6 48. Rd4 Kf6 49. Kf4 Ke6 50. Re4+ Kf6 51. Rc4 Ra1 52. Ke4 Re1+ 53.
Kd5 Re3 54. Rf4+ Kg5 55. Rf5+ Kh4 56. Kc4 Kg3 57. Kb5 Rxf3 58. Rxf3+ Kxf3 59.
Kxa5 1-0

[Event "23rd European Teams"]
[Site "Terme Catez SLO"]
[Date "2021.11.13"]
[Round "2.9"]
[Board "1"]
[White "Sargissian, Gabriel"]
[Black "Christiansen, Johan-Sebastian"]
[Result "1-0"]
[WhiteTitle "GM"]
[BlackTitle "GM"]
[WhiteElo "2664"]
[BlackElo "2582"]
[WhiteTeam "Armenia"]
[BlackTeam "Norway"]
[WhiteFideId "13300881"]
[BlackFideId "1512668"]
[EventDate "2021.11.12"]

1. d4 Nf6 2. Nf3 g6 3. c4 Bg7 4. Nc3 O-O 5. e4 d6 6. Be2 e5 7. O-O exd4 8. Nxd4
Re8 9. f3 c6 10. Kh1 d5 11. cxd5 cxd5 12. Bf4 Nc6 13. Ndb5 d4 14. Nd5 Nxd5 15.
exd5 Ne7 16. Bc4 Nf5 17. Nc7 Bh6 18. Bxh6 Qxc7 19. Rc1 Nxh6 20. Bb5 Qd8 21. Bxe8
Qxe8 22. Re1 Qd8 23. Qxd4 Nf5 24. Qf4 h5 25. Qc7 Qd7 26. d6 a5 27. Re7 Qxc7 28.
Re8+ Kg7 29. dxc7 f6 30. Rce1 Kf7 31. g4 hxg4 32. fxg4 b5 33. gxf5 Bb7+ 34. Kg1
Rxe8 35. fxg6+ Kf8 36. g7+ 1-0

[Event "23rd European Teams"]
[Site "Terme Catez SLO"]
[Date "2021.11.13"]
[Round "2.9"]
[Board "2"]
[White "Urkedal, Frode Olav Olsen"]
[Black "Hovhannisyan, Robert"]
[Result "1/2-1/2"]
[WhiteTitle "GM"]
[BlackTitle "GM"]
[WhiteElo "2569"]
[BlackElo "2622"]
[WhiteTeam "Norway"]
[BlackTeam "Armenia"]
[WhiteFideId "1506102"]
[BlackFideId "13302507"]
[EventDate "2021.11.12"]

1. d4 d5 2. c4 e6 3. Nc3 Nf6 4. cxd5 exd5 5. Bg5 c6 6. e3 Bf5 7. Qf3 Bg6 8. Bxf6
Qxf6 9. Qxf6 gxf6 10. h4 h5 11. Nh3 Bd6 12. O-O-O Nd7 13. Bd3 Nb6 14. Ne2 Kd7
15. Nhf4 Rhg8 16. Rhg1 Nc8 17. Bxg6 fxg6 18. g4 hxg4 19. Rxg4 g5 20. Rdg1 Be7
21. hxg5 Rxg5 22. Rxg5 fxg5 23. Nh3 Nd6 24. Nxg5 Rh8 25. Nf3 Bf6 26. Nf4 Ne4 27.
Nd3 Rh3 28. Nfe5+ Kc7 29. f3 Bxe5 30. Nxe5 Nd6 31. Rg2 Rh1+ 32. Kd2 Rb1 33. Kd3
Rd1+ 34. Rd2 Re1 35. Re2 Rd1+ 36. Kc2 Ra1 37. a3 a5 38. Nd3 Rf1 39. Rf2 Rh1 40.
Re2 Rf1 41. Ne1 Nf5 42. Kd2 Nh4 43. f4 Rh1 44. e4 dxe4 45. Rxe4 Nf5 46. Nd3 Rh2+
47. Re2 Rxe2+ 48. Kxe2 Kd6 49. Ne5 Nxd4+ 50. Kd3 Kd5 51. Nc4 Ne6 52. Ne3+ Kd6
53. Ke4 Nc5+ 54. Kf5 Nd3 55. b3 Kc5 56. Nc2 a4 57. bxa4 Kc4 58. Nb4 c5 59. Nxd3
Kxd3 60. Ke5 c4 61. f5 c3 62. f6 c2 63. f7 c1=Q 64. f8=Q Qb2+ 65. Ke6 Qb3+ 66.
Ke5 Qc3+ 67. Ke6 Qc4+ 68. Kd6 Qc6+ 69. Ke5 Qc3+ 70. Ke6 Qb3+ 71. Ke5 Kc3 72.
Qf3+ 1/2-1/2